000 00521nam a2200193Ia 4500
008 101110s9999 xx 000 0 und d
041 _aENGLISH
082 _bSR11075
_a659.1
100 _aBoyd Harper & Joseph
245 _aAdvertising Management : Selected Readings
365 _b14.25
520 _aCommerce
546 _aENGLISH
630 _aAdvertising Management : Selected Readings
650 _aCommerce
655 _aCommerce
730 _aAdvertising Management : Selected Readings
942 _cBOOK
999 _c805908
_d805905